000
00355nam a22001577a 4500
003
MPLRDC
005
20220104144517.0
008
210129b ||||| |||| 00| 0 eng d
082
_a
857.41 GKS
100
_a
东鲁古狂生著
245
_a
醉醒石
_c
260
_a
_b
香港广智书局
_c
300
_b
平
650
_a
942
_c
BK
_o
857.41 GKS
999
_c
50320
_d
50310